[Event "1st CRO junior liga"]
[Site "Sveti Filip i Jakov"]
[Date "2018.04.04"]
[Round "3.6"]
[White "Safar, Sandro"]
[Black "Drempetic, Mario"]
[Result "1/2-1/2"]
[WhiteElo "2224"]
[BlackElo "1767"]
[PlyCount "151"]
[EventDate "2018.??.??"]
[WhiteClock "1:30:00"]
[BlackClock "1:30:00"]

1. e4 e5 2. Nf3 Nc6 3. Bb5 a6 4. Bxc6 dxc6 5. d3 Bd6 6. Nbd2 Nf6 7. Nc4 Qe7 8.
b3 b5 9. Ne3 Bd7 10. Bb2 O-O 11. O-O h6 12. a4 Rfe8 13. Ra2 Ng4 14. Qa1 Nxe3
15. fxe3 b4 16. Qe1 Rf8 17. Qg3 Rae8 18. Raa1 f5 19. exf5 e4 20. f6 Rxf6 21.
Bxf6 Qxf6 22. Qh4 exf3 23. Qxf6 gxf6 24. Rxf3 Kg7 25. Raf1 Rf8 26. h3 c5 27. g4
Be5 28. Rd1 Bc6 29. Rff1 Bg3 30. Rf5 Bd6 31. Rff1 Bg3 32. Rf5 Bd6 33. Rd2 Re8
34. Kf2 Bd7 35. Rh5 Re5 36. Rxe5 Bxe5 37. d4 cxd4 38. exd4 Bd6 39. Kf3 Kg6 40.
d5 a5 41. Rd3 Bc8 42. c3 bxc3 43. Rxc3 Bb7 44. Ke4 Kg5 45. Rf3 Bc8 46. h4+ Kxg4
47. Rxf6 Kh5 48. Kf3 Bg4+ 49. Kg2 Bd1 50. b4 Bxb4 51. Rc6 Bd6 52. Rc4 Bg4 53.
Rc6 Kxh4 54. Ra6 Bf5 55. Kf3 Kg5 56. Rxa5 h5 57. Ra8 h4 58. Rg8+ Kf6 59. a5 Bc5
60. Kf4 h3 61. Rh8 Bd6+ 62. Kf3 h2 63. a6 Ke5 64. Rxh2 Be4+ 65. Ke2 Bc5 66.
Rh5+ Kd6 67. Rh6+ Kxd5 68. Kd2 Ba7 69. Kc3 Bf5 70. Kb4 Bd7 71. Rh5+ Kd6 72.
Rh6+ Be6 73. Rg6 c5+ 74. Kb5 c4 75. Rxe6+ Kxe6 76. Kxc4 1/2-1/2

[Event "1st CRO junior liga"]
[Site "Sveti Filip i Jakov"]
[Date "2018.04.04"]
[Round "3.7"]
[White "Hajpek, Egon"]
[Black "Batory, Lucija"]
[Result "1-0"]
[WhiteElo "1538"]
[BlackElo "1692"]
[PlyCount "59"]
[EventDate "2018.??.??"]
[WhiteClock "1:30:00"]
[BlackClock "1:30:00"]

1. e4 c5 2. Nf3 Nc6 3. d4 cxd4 4. Nxd4 g6 5. Nc3 Bg7 6. Be3 Nf6 7. f3 O-O 8.
Qd2 d5 9. O-O-O Nxd4 10. Bxd4 dxe4 11. Qe3 Qa5 12. fxe4 Ng4 13. Qg3 Bxd4 14.
Rxd4 Be6 15. Bc4 Qb6 16. Bxe6 Qxe6 17. Rhd1 Ne5 18. Kb1 Rac8 19. Nd5 Nc6 20.
R4d3 Qxe4 21. Re1 Qc4 22. Rxe7 Rcd8 23. Nf6+ Kg7 24. Re4 Rxd3 25. cxd3 Qc5 26.
Ne8+ Kg8 27. Qh4 Qg1+ 28. Kc2 Qxg2+ 29. Kc3 Qf1 30. Qh6 1-0

[Event "1st CRO junior liga"]
[Site "Sveti Filip i Jakov"]
[Date "2018.04.04"]
[Round "3.9"]
[White "Blazeka, Mihaela"]
[Black "Dasic, Jelena"]
[Result "0-1"]
[WhiteElo "2094"]
[BlackElo "1823"]
[PlyCount "80"]
[EventDate "2018.??.??"]
[WhiteClock "1:30:00"]
[BlackClock "1:30:00"]

1. e4 c5 2. Nf3 e6 3. c4 Nc6 4. d4 cxd4 5. Nxd4 Nf6 6. Nc3 Bb4 7. Nxc6 dxc6 8.
Bd3 e5 9. h3 O-O 10. O-O Be6 11. Be3 Nd7 12. Na4 Qe7 13. Rc1 Nc5 14. Nxc5 Bxc5
15. Qe2 Bd4 16. Bxd4 exd4 17. e5 Rad8 18. f4 Rfe8 19. f5 Bc8 20. Rf4 Qxe5 21.
Re4 Qxe4 22. Bxe4 Bxf5 23. Qf2 Bxe4 24. c5 d3 25. Rd1 Bg6 26. Rd2 Re5 27. b4
Rde8 28. Qd4 Rd5 29. Qg4 h6 30. a3 Re1+ 31. Kh2 Bf5 32. Qf3 Rc1 33. Qf4 Rc2 34.
g4 Rxd2+ 35. Qxd2 Bg6 36. Kg3 Re5 37. Kf3 Re2 38. Qd1 Be4+ 39. Kf4 g5+ 40. Ke5
Bf3+ 0-1

[Event "1st CRO junior liga"]
[Site "Sveti Filip i Jakov"]
[Date "2018.04.04"]
[Round "3.10"]
[White "Petrovic, David"]
[Black "Smetisko, Josip"]
[Result "1-0"]
[WhiteElo "1651"]
[BlackElo "1880"]
[PlyCount "65"]
[EventDate "2018.??.??"]
[WhiteClock "1:23:00"]
[BlackClock "1:30:00"]

1. e4 d6 2. c4 g6 3. d4 Bg7 4. Nc3 Nd7 5. f4 c5 6. d5 Nb6 7. Nf3 e6 8. Bd3 Ne7
9. O-O O-O 10. Qe2 exd5 11. cxd5 f5 12. Ng5 fxe4 13. Bxe4 Bd4+ 14. Kh1 Rf6 15.
Ne6 Bxe6 16. dxe6 d5 17. Bc2 a6 18. f5 gxf5 19. Bg5 Rg6 20. Qh5 Qd6 21. Bxe7
Qxe7 22. Bxf5 Rg7 23. Bh3 Bxc3 24. bxc3 Rd8 25. Rf5 Rf8 26. Rb1 Qd8 27. Rf7
Rfxf7 28. exf7+ Kf8 29. Re1 Rxf7 30. Be6 Rf6 31. Qxh7 d4 32. Bf7 Nd7 33. Qg8#
1-0

[Event "1st CRO junior liga"]
[Site "Sveti Filip i Jakov"]
[Date "2018.04.04"]
[Round "3.11"]
[White "Djukin, Marko"]
[Black "Jurotic, Nino"]
[Result "1-0"]
[WhiteElo "1896"]
[BlackElo "1617"]
[PlyCount "55"]
[EventDate "2018.??.??"]
[WhiteClock "1:30:00"]
[BlackClock "1:30:00"]

1. e4 c5 2. Nf3 Nc6 3. Bb5 g6 4. O-O Bg7 5. Re1 Ne5 6. c3 a6 7. Bf1 Qb6 8. Na3
Nxf3+ 9. Qxf3 d6 10. Nc4 Qc6 11. a4 Nf6 12. d4 cxd4 13. cxd4 d5 14. exd5 Qxd5
15. Qf4 Be6 16. Nb6 Qd8 17. Nxa8 Qxa8 18. Qh4 h5 19. Bg5 O-O 20. Rac1 Qd8 21.
Bc4 Bd7 22. Qg3 Bxa4 23. Bxf6 Bxf6 24. Qxg6+ Bg7 25. Qxh5 Qxd4 26. Rxe7 Qxb2
27. Bxf7+ Rxf7 28. Qxf7+ 1-0

[Event "1st CRO junior liga"]
[Site "Sveti Filip i Jakov"]
[Date "2018.04.04"]
[Round "3.12"]
[White "Vujic, Agata"]
[Black "Svabenic, Stjepan"]
[Result "1-0"]
[WhiteElo "1586"]
[BlackElo "1225"]
[PlyCount "131"]
[EventDate "2018.??.??"]
[WhiteClock "1:23:00"]
[BlackClock "1:30:00"]

1. e4 e5 2. Nf3 Nc6 3. Bc4 Be7 4. c3 Nf6 5. d3 O-O 6. Be3 d6 7. Nbd2 Be6 8. Bb3
Na5 9. Bc2 c5 10. O-O Rc8 11. h3 Qb6 12. Qb1 Nd7 13. Re1 Nc6 14. Nf1 a5 15. Ng3
Qa6 16. a4 Rb8 17. d4 cxd4 18. cxd4 exd4 19. Nxd4 Nxd4 20. Bxd4 Bf6 21. e5 dxe5
22. Bxh7+ Kh8 23. Bd3 Qd6 24. Bc3 b6 25. Ne4 Qe7 26. Qd1 Kg8 27. Qh5 g6 28. Qe2
Bg7 29. Qe3 Bd5 30. Bb5 Rfd8 31. Ng3 f5 32. Nf1 f4 33. Qxf4 exf4 34. Rxe7 Bxc3
35. bxc3 Nc5 36. Nd2 Rb7 37. Rxb7 Nxb7 38. Nc4 Nd6 39. Nxb6 Bf7 40. Rd1 Nb7 41.
Rxd8+ Nxd8 42. Nc4 Nb7 43. Ne5 Nc5 44. Nxf7 Kxf7 45. Kh2 Kf6 46. g3 f3 47. c4
Nd3 48. Bc6 Ne5 49. Bd5 Ke7 50. g4 g5 51. Kg3 Kd6 52. Bxf3 Kc5 53. Bd1 Kxc4 54.
f4 gxf4+ 55. Kxf4 Nd3+ 56. Kf5 Nb2 57. Be2+ Kb4 58. Bb5 Nc4 59. g5 Nd6+ 60. Kf6
Nxb5 61. axb5 Kxb5 62. g6 Kb4 63. g7 a4 64. g8=Q a3 65. h4 Kc3 66. Qa2 1-0

[Event "1st CRO junior liga"]
[Site "Sveti Filip i Jakov"]
[Date "2018.04.04"]
[Round "3.13"]
[White "Tica, Sven"]
[Black "Plenca, Jadranko"]
[Result "1/2-1/2"]
[WhiteElo "2442"]
[BlackElo "2497"]
[PlyCount "45"]
[EventDate "2018.??.??"]
[WhiteClock "1:30:00"]
[BlackClock "1:30:00"]

1. d4 d5 2. c4 e6 3. Nf3 Nf6 4. g3 Be7 5. Bg2 O-O 6. O-O Nbd7 7. Qc2 c6 8. Nbd2
b6 9. e4 dxc4 10. Nxc4 Bb7 11. e5 Nd5 12. Re1 c5 13. Bd2 Rc8 14. Rac1 b5 15.
Na5 Ba8 16. dxc5 Nxc5 17. Nd4 Qd7 18. a3 b4 19. axb4 Nxb4 20. Bxb4 Bxg2 21.
Kxg2 Qxd4 22. Bxc5 Rxc5 23. Nc4 1/2-1/2

[Event "1st CRO junior liga"]
[Site "Sveti Filip i Jakov"]
[Date "2018.04.04"]
[Round "3.14"]
[White "Muha, Miljenko"]
[Black "Makovec, Bruno"]
[Result "1-0"]
[WhiteElo "2395"]
[BlackElo "2313"]
[PlyCount "153"]
[EventDate "2018.??.??"]
[WhiteClock "1:29:00"]
[BlackClock "1:30:00"]

1. d4 Nf6 2. Nf3 e6 3. Bg5 c5 4. c3 Nc6 5. e3 Be7 6. Bd3 cxd4 7. cxd4 d5 8. Nc3
O-O 9. O-O b6 10. Rc1 Bb7 11. a3 Rc8 12. Qe2 Nh5 13. Bxe7 Qxe7 14. Ne5 Nf6 15.
f4 Nb8 16. Qf3 Ba6 17. Bxa6 Nxa6 18. Rc2 Ne4 19. Rfc1 Nxc3 20. Rxc3 Rxc3 21.
Rxc3 f6 22. Nd3 Qd7 23. h3 g6 24. Qd1 Rc8 25. Rxc8+ Qxc8 26. g4 Qc6 27. h4 Nc7
28. h5 Kg7 29. g5 f5 30. Ne5 Qb7 31. h6+ Kg8 32. Qa4 b5 33. Qb4 Ne8 34. Qa5 Qc8
35. Qxb5 Qc1+ 36. Kf2 Qd2+ 37. Qe2 Qc1 38. Nd3 Qb1 39. Nc5 Kf7 40. b3 Qh1 41.
Qf1 Qh2+ 42. Qg2 Qh5 43. Ke1 Nd6 44. Kd2 a5 45. Kc2 Ne4 46. Nxe4 fxe4 47. a4
Ke7 48. Kb2 Kd7 49. Qd2 Qf3 50. Ka2 Qh3 51. Qc1 Qg2+ 52. Qb2 Qf1 53. Qd2 Qf3
54. Ka3 Qg3 55. Qe2 Qf3 56. Qb5+ Kd6 57. Qc5+ Kd7 58. Qa7+ Kd6 59. Qc5+ Kd7 60.
Qc3 Qe2 61. b4 Qd3 62. Qb3 axb4+ 63. Kxb4 Qd2+ 64. Qc3 Qd1 65. a5 Qf1 66. Ka3
Qb5 67. Qb4 Qd3+ 68. Qb3 Qf1 69. Qb7+ Kd6 70. a6 Qa1+ 71. Kb4 Qa2 72. Kb5 Qb3+
73. Ka5 Qa3+ 74. Kb6 Qb3+ 75. Ka7 Qxe3 76. Kb8 Qxd4 77. Qc7# 1-0

[Event "1st CRO junior liga"]
[Site "Sveti Filip i Jakov"]
[Date "2018.04.04"]
[Round "3.15"]
[White "Starcevic, Ante Leon"]
[Black "Cvitan, Ena"]
[Result "1/2-1/2"]
[WhiteElo "2148"]
[BlackElo "2159"]
[PlyCount "27"]
[EventDate "2018.??.??"]
[WhiteClock "1:27:00"]
[BlackClock "1:30:00"]

1. d4 Nf6 2. c4 e6 3. g3 d5 4. Nf3 Be7 5. Bg2 O-O 6. O-O dxc4 7. Qc2 a6 8. Qxc4
b5 9. Qc2 Bb7 10. Bd2 Be4 11. Qb3 Bd5 12. Qc2 Be4 13. Qb3 Bd5 14. Qc2 1/2-1/2

[Event "1st CRO junior liga"]
[Site "Sveti Filip i Jakov"]
[Date "2018.04.04"]
[Round "3.16"]
[White "Duda, Daniel"]
[Black "Markovic, Franjo-Josip"]
[Result "1-0"]
[WhiteElo "1972"]
[BlackElo "2034"]
[PlyCount "83"]
[EventDate "2018.??.??"]
[WhiteClock "1:29:00"]
[BlackClock "1:30:00"]

1. d4 Nf6 2. c4 g6 3. Nc3 d5 4. cxd5 Nxd5 5. e4 Nxc3 6. bxc3 Bg7 7. Qa4+ Nd7 8.
Nf3 O-O 9. Be3 c5 10. Rc1 Nb6 11. Qd1 cxd4 12. cxd4 Bg4 13. Be2 Qd7 14. O-O
Rac8 15. Qd2 Qa4 16. Bd1 Qa6 17. Bb3 Bxf3 18. gxf3 Rfd8 19. Rxc8 Nxc8 20. Rc1
Qd6 21. e5 Qb8 22. Bf4 e6 23. Bg5 Rd7 24. Qc3 Nb6 25. a4 h6 26. Be3 Qd8 27. a5
Nd5 28. Bxd5 Rxd5 29. Qc8 Qxc8 30. Rxc8+ Kh7 31. Rc7 Rxa5 32. Rxf7 b5 33. d5
Kg8 34. dxe6 Ra6 35. Re7 b4 36. Re8+ Kh7 37. e7 Re6 38. Bc5 b3 39. Rb8 b2 40.
Rxb2 Kg8 41. Rb8+ Kf7 42. Rf8+ 1-0

[Event "1st CRO junior liga"]
[Site "Sveti Filip i Jakov"]
[Date "2018.04.04"]
[Round "3.17"]
[White "Levacic, Matej"]
[Black "Jambresic, Filip"]
[Result "0-1"]
[WhiteElo "1893"]
[BlackElo "2030"]
[PlyCount "78"]
[EventDate "2018.??.??"]
[WhiteClock "1:30:00"]
[BlackClock "1:30:00"]

1. d4 Nf6 2. Nf3 c5 3. d5 e6 4. Nc3 d6 5. e4 a6 6. a4 Be7 7. Bc4 exd5 8. Bxd5
O-O 9. O-O Qc7 10. h3 Nc6 11. Re1 Nb4 12. Bf4 Nfxd5 13. Nxd5 Nxd5 14. Qxd5 Be6
15. Qd2 Rad8 16. b3 Qc6 17. c4 b5 18. axb5 axb5 19. Ra7 Rfe8 20. Qa5 bxc4 21.
Rxe7 Ra8 22. Rxe8+ Qxe8 23. Qc3 cxb3 24. Bxd6 c4 25. Ra1 Rd8 26. e5 f6 27. Ra7
Qb5 28. Ra5 Qb7 29. Ra1 h6 30. Qd4 Qc6 31. Qh4 b2 32. Rb1 c3 33. Nd4 c2 34.
Nxc2 Qxc2 35. Rxb2 Qxb2 36. Be7 Rd1+ 37. Kh2 Qxe5+ 38. f4 Qc7 39. Bb4 g5 0-1

[Event "1st CRO junior liga"]
[Site "Sveti Filip i Jakov"]
[Date "2018.04.04"]
[Round "3.18"]
[White "Golub, Nikolina"]
[Black "Jankovic, Antonio"]
[Result "1-0"]
[WhiteElo "1870"]
[BlackElo "1792"]
[PlyCount "73"]
[EventDate "2018.??.??"]
[WhiteClock "1:30:00"]
[BlackClock "1:30:00"]

1. d4 Nf6 2. c4 g6 3. g3 Bg7 4. Bg2 c6 5. e4 d5 6. e5 Ng8 7. cxd5 cxd5 8. Nc3
e6 9. Nge2 Nc6 10. O-O Nge7 11. Bg5 Qb6 12. Na4 Qc7 13. Rc1 h6 14. Bxe7 Qxe7
15. a3 O-O 16. b4 Bd7 17. Nc5 b6 18. Nxd7 Qxd7 19. Qb3 Rfc8 20. Rc3 Rc7 21.
Rfc1 Rac8 22. Qc2 a6 23. Bf1 Bxe5 24. dxe5 d4 25. Nxd4 Qxd4 26. Bxa6 Ra8 27.
Qe2 Rca7 28. Rxc6 Rxa6 29. Rd6 Qd5 30. Rxd5 exd5 31. Qd3 Rxa3 32. Qxd5 Ra2 33.
Rc7 Ra1+ 34. Kg2 Rf8 35. e6 Re1 36. exf7+ Kg7 37. Qd4+ 1-0

[Event "1st CRO junior liga"]
[Site "Sveti Filip i Jakov"]
[Date "2018.04.04"]
[Round "3.19"]
[White "Birkic, Josip"]
[Black "Rickovic, Tomislav"]
[Result "1/2-1/2"]
[WhiteElo "1781"]
[BlackElo "1622"]
[PlyCount "95"]
[EventDate "2018.??.??"]
[WhiteClock "1:30:00"]
[BlackClock "1:30:00"]

1. d4 d5 2. Nf3 Nf6 3. c4 c6 4. Nc3 Bf5 5. Qb3 b6 6. Bf4 e6 7. e3 Nbd7 8. cxd5
cxd5 9. Ba6 Nh5 10. Be5 f6 11. Bg3 Nxg3 12. hxg3 Bd6 13. Nh4 g6 14. Nxf5 gxf5
15. Nb5 Qe7 16. Rc1 O-O 17. a3 Nb8 18. Nxd6 Nxa6 19. Nxf5 exf5 20. Qxd5+ Kh8
21. Qxf5 Rad8 22. Qb5 Nc7 23. Qc6 Ne6 24. Qe4 Rfe8 25. Rc6 Nxd4 26. Qxe7 Rxe7
27. Rxf6 Nc2+ 28. Ke2 Nd4+ 29. Kd3 Ne6+ 30. Kc2 Rc7+ 31. Kb1 Nc5 32. Rc1 Rcd7
33. Rc2 Kg7 34. Rf5 Rd1+ 35. Ka2 Rg1 36. b4 Ne6 37. f3 Kg6 38. g4 Rd3 39. Re5
Kf6 40. f4 Re1 41. e4 Nd4 42. Rd5 Ree3 43. e5+ Ke6 44. Rd6+ Ke7 45. Rc7+ Ke8
46. Rc8+ Ke7 47. Rc7+ Ke8 48. Rc8+ 1/2-1/2

[Event "1st CRO junior liga"]
[Site "Sveti Filip i Jakov"]
[Date "2018.04.04"]
[Round "3.20"]
[White "Mesar, Vedran"]
[Black "Ljubicic, Mario"]
[Result "0-1"]
[WhiteElo "1638"]
[BlackElo "1738"]
[PlyCount "66"]
[EventDate "2018.??.??"]
[WhiteClock "1:30:00"]
[BlackClock "1:30:00"]

1. e4 e5 2. Nf3 Nc6 3. Bc4 Nf6 4. d3 Bc5 5. Be3 Bb6 6. O-O O-O 7. c3 d6 8. Na3
Bg4 9. Nc2 h6 10. Bxb6 axb6 11. Re1 Na5 12. Ne3 Bh5 13. Bb5 c6 14. Ba4 b5 15.
Bc2 b6 16. d4 Qc7 17. Bd3 d5 18. dxe5 Bxf3 19. Qxf3 dxe4 20. Bxe4 Nxe4 21. Qxe4
Rfe8 22. f4 Rad8 23. Rad1 Rd7 24. Rxd7 Qxd7 25. Rd1 Qe6 26. b4 Nc4 27. Nxc4
bxc4 28. Rd6 Qxd6 29. exd6 Rxe4 30. d7 Re1+ 31. Kf2 Rd1 32. a4 Rxd7 33. Ke3
Rd3+ 0-1

[Event "1st CRO junior liga"]
[Site "Sveti Filip i Jakov"]
[Date "2018.04.04"]
[Round "3.21"]
[White "Ghersinich, Enrico"]
[Black "Pavcevic, Bruno"]
[Result "0-1"]
[WhiteElo "2216"]
[BlackElo "2028"]
[PlyCount "142"]
[EventDate "2018.??.??"]
[WhiteClock "1:30:00"]
[BlackClock "1:30:00"]

1. e4 c5 2. Nf3 e6 3. c3 Nf6 4. e5 Nd5 5. d4 cxd4 6. Bc4 Nb6 7. Bb3 dxc3 8.
Nxc3 d5 9. exd6 Bxd6 10. O-O O-O 11. Nb5 Be7 12. Qe2 Bd7 13. Bf4 Bxb5 14. Qxb5
Qe8 15. Qh5 N8d7 16. Rfe1 Nf6 17. Qh3 Nbd5 18. Be5 Qc6 19. Rac1 Qa6 20. Rc4
Rfe8 21. Rh4 Bd6 22. Bxd5 exd5 23. Bxf6 Rxe1+ 24. Nxe1 Re8 25. Bc3 Qe2 26. g3
Bc5 27. Qf1 d4 28. Qxe2 Rxe2 29. Ba5 g5 30. Rg4 h6 31. Nf3 f5 32. Nxd4 Rxb2 33.
Nxf5 Rxf2 34. Nd4 Rxa2 35. Be1 a5 36. Bf2 a4 37. h4 a3 38. hxg5 Rxf2 39. gxh6+
Kh8 40. Kxf2 a2 41. Ke3 a1=Q 42. Re4 Qg1+ 43. Kd3 Qxg3+ 44. Kc4 Bxd4 45. Rxd4
Qc7+ 46. Kb5 Qc6+ 47. Kb4 Kh7 48. Rc4 Qb6+ 49. Ka4 Kxh6 50. Rb4 Qc6+ 51. Kb3
Kg5 52. Rc4 Qb5+ 53. Rb4 Qd3+ 54. Ka4 Qa6+ 55. Kb3 Kf5 56. Ra4 Qb5+ 57. Rb4
Qd3+ 58. Kb2 b5 59. Rb3 Qc4 60. Ka3 Qa4+ 61. Kb2 Ke5 62. Ra3 Qd4+ 63. Ka2 Kd5
64. Rb3 Qd2+ 65. Ka1 Kc4 66. Rb2 Qd1+ 67. Ka2 b4 68. Rh2 b3+ 69. Kb2 Qd4+ 70.
Ka3 Qa1+ 71. Ra2 Qxa2# 0-1

[Event "1st CRO junior liga"]
[Site "Sveti Filip i Jakov"]
[Date "2018.04.04"]
[Round "3.22"]
[White "Erenda, Bruno"]
[Black "Purini, Bruno"]
[Result "1-0"]
[WhiteElo "1967"]
[BlackElo "1409"]
[PlyCount "107"]
[EventDate "2018.??.??"]
[WhiteClock "1:30:00"]
[BlackClock "1:30:00"]

1. d4 Nf6 2. c4 e6 3. Nf3 Bb4+ 4. Nbd2 O-O 5. a3 Bxd2+ 6. Bxd2 b6 7. e3 Bb7 8.
Bd3 d5 9. O-O Nbd7 10. Qe2 Ne4 11. b4 Nxd2 12. Nxd2 dxc4 13. Nxc4 Nf6 14. Ne5
Be4 15. Rac1 Bxd3 16. Qxd3 Nd5 17. Rc2 f6 18. Nf3 Qd7 19. Rfc1 Rf7 20. e4 Nf4
21. Qe3 Ng6 22. h4 h5 23. e5 Kh7 24. g4 Rc8 25. gxh5 Ne7 26. Qf4 Nf5 27. Qg4
Ne7 28. Kh2 Kh8 29. Rg1 Nf5 30. Qe4 Qd5 31. Qxd5 exd5 32. b5 Kh7 33. Rc6 Ne7
34. Re6 c5 35. bxc6 Rxc6 36. Rxc6 Nxc6 37. Rc1 Nd8 38. Kg3 Kh6 39. Rc8 Rf8 40.
Ra8 fxe5 41. dxe5 Ne6 42. Rxa7 Nc5 43. Rc7 Rd8 44. Nd4 Rf8 45. f3 Ra8 46. e6
Rxa3 47. e7 Ne4+ 48. Kf4 Nf6 49. Rc6 Ra8 50. Re6 Kxh5 51. Nf5 Ra4+ 52. Ke5 Ra8
53. Nxg7+ Kg6 54. e8=Q+ 1-0

[Event "1st CRO junior liga"]
[Site "Sveti Filip i Jakov"]
[Date "2018.04.04"]
[Round "3.23"]
[White "Ghersinich, Carlo"]
[Black "Cavlovic, Viktor"]
[Result "1-0"]
[WhiteElo "1143"]
[BlackElo "1742"]
[PlyCount "51"]
[EventDate "2018.??.??"]
[WhiteClock "1:30:00"]
[BlackClock "1:30:00"]

1. d4 Nf6 2. Nf3 c5 3. Bf4 cxd4 4. Nxd4 Nc6 5. Nxc6 bxc6 6. Nc3 d5 7. e3 e6 8.
Bd3 Be7 9. Qe2 O-O 10. O-O-O Qb6 11. h4 c5 12. Qf1 c4 13. Be2 Bb4 14. Be5 Bxc3
15. Bxc3 Ne4 16. Bd4 Qa5 17. Bf3 Nd6 18. a3 Rb8 19. g4 Nb5 20. Be5 Rb7 21. g5
Bd7 22. h5 c3 23. h6 cxb2+ 24. Bxb2 Nxa3 25. hxg7 Rfb8 26. Qh3 1-0

[Event "1st CRO junior liga"]
[Site "Sveti Filip i Jakov"]
[Date "2018.04.04"]
[Round "4.1"]
[White "Zadravec, Matija"]
[Black "Pavcevic, Bruno"]
[Result "1-0"]
[WhiteElo "2206"]
[BlackElo "2028"]
[PlyCount "93"]
[EventDate "2018.??.??"]
[WhiteClock "1:30:00"]
[BlackClock "1:30:00"]

1. e4 c5 2. c3 Nf6 3. e5 Nd5 4. d4 cxd4 5. cxd4 e6 6. Nf3 d6 7. Bc4 Nb6 8. Bd3
Bd7 9. O-O Bc6 10. Nc3 Be7 11. Bf4 Bxf3 12. Qxf3 d5 13. Qg4 g5 14. Be3 h5 15.
Qe2 Kd7 16. Rac1 Nc6 17. a3 Qg8 18. b4 f5 19. exf6 Bxf6 20. Rfd1 g4 21. Bb5 a6
22. Na4 Nxa4 23. Bxc6+ bxc6 24. Qc2 Qc8 25. Qxa4 h4 26. Rd2 Qb7 27. Qd1 g3 28.
fxg3 hxg3 29. hxg3 Rag8 30. Qf3 Rf8 31. Bf4 Qb6 32. Qe3 Re8 33. Be5 Bxe5 34.
Qxe5 Rhg8 35. Rf2 Re7 36. Rf3 Qb5 37. Rcf1 Qc4 38. Rf7 Rge8 39. g4 Qd3 40. g5
Rxf7 41. Rxf7+ Re7 42. Rxe7+ Kxe7 43. Qf6+ Kd7 44. g6 Qe3+ 45. Kh2 Qh6+ 46. Kg3
Kc7 47. Qf4+ 1-0

[Event "1st CRO junior liga"]
[Site "Sveti Filip i Jakov"]
[Date "2018.04.04"]
[Round "4.2"]
[White "Erenda, Bruno"]
[Black "Dabic, Stjepan"]
[Result "1/2-1/2"]
[WhiteElo "1967"]
[BlackElo "2012"]
[PlyCount "29"]
[EventDate "2018.??.??"]
[WhiteClock "1:30:00"]
[BlackClock "1:30:00"]

1. e4 c5 2. Nf3 d6 3. Bb5+ Bd7 4. Bxd7+ Qxd7 5. c4 Nf6 6. Nc3 g6 7. d4 cxd4 8.
Nxd4 Bg7 9. f3 O-O 10. Be3 Nc6 11. O-O Rac8 12. b3 Rfd8 13. Rc1 e6 14. Nxc6
bxc6 15. Qd2 1/2-1/2

[Event "1st CRO junior liga"]
[Site "Sveti Filip i Jakov"]
[Date "2018.04.04"]
[Round "4.3"]
[White "Kanizaj, Benjamin"]
[Black "Cavlovic, Viktor"]
[Result "1-0"]
[WhiteElo "1940"]
[BlackElo "1742"]
[PlyCount "81"]
[EventDate "2018.??.??"]
[WhiteClock "1:30:00"]
[BlackClock "1:30:00"]

1. e4 c6 2. d4 d5 3. e5 Bf5 4. Nc3 e6 5. g4 Bg6 6. Nge2 Nd7 7. Nf4 Qb6 8. h4 h5
9. Nxg6 fxg6 10. Bd3 Ne7 11. a4 O-O-O 12. Be3 Nxe5 13. a5 Qc7 14. dxe5 d4 15.
Ne4 dxe3 16. Nd6+ Kb8 17. c4 exf2+ 18. Kxf2 Nc8 19. c5 Bxd6 20. exd6 Qf7+ 21.
Qf3 Qxf3+ 22. Kxf3 Ne7 23. Rae1 Nd5 24. Rxe6 g5 25. gxh5 Rxh5 26. Bg6 Rxh4 27.
Rxh4 gxh4 28. Kg4 h3 29. Kg3 h2 30. Be4 Rh8 31. Bh1 Kc8 32. Re2 Kd7 33. Bxd5
cxd5 34. Rxh2 Rxh2 35. Kxh2 d4 36. Kg3 b6 37. axb6 axb6 38. b4 g5 39. Kf3 bxc5
40. bxc5 d3 41. Ke3 1-0

[Event "1st CRO junior liga"]
[Site "Sveti Filip i Jakov"]
[Date "2018.04.04"]
[Round "4.4"]
[White "Frouth, Vibor"]
[Black "Colev, Ivor"]
[Result "1/2-1/2"]
[WhiteElo "1332"]
[BlackElo "1618"]
[PlyCount "141"]
[EventDate "2018.??.??"]
[WhiteClock "1:30:00"]
[BlackClock "1:30:00"]

1. e4 c5 2. Nf3 d6 3. Bb5+ Bd7 4. Bxd7+ Qxd7 5. Nc3 Nc6 6. d4 cxd4 7. Nxd4 Nf6
8. Bg5 e6 9. Bxf6 gxf6 10. Nxc6 Qxc6 11. Qd3 O-O-O 12. O-O Be7 13. b4 f5 14.
Rab1 fxe4 15. Nxe4 d5 16. b5 dxe4 17. Qxd8+ Rxd8 18. bxc6 bxc6 19. Rfd1 Bd6 20.
Rd2 Bxh2+ 21. Kxh2 Rxd2 22. Kg3 Rxc2 23. Rh1 Kd7 24. Rxh7 Ke7 25. Rh4 Rxa2 26.
Rxe4 Ra6 27. f4 Ra5 28. Rc4 c5 29. Kf3 Rb5 30. g4 Kd6 31. Ra4 Rb7 32. Ke3 Kd5
33. Ra5 Rc7 34. Kd3 Rb7 35. f5 exf5 36. gxf5 Rc7 37. Ra2 Ke5 38. Rf2 c4+ 39.
Kc3 Ke4 40. f6 Rc6 41. Ra2 a6 42. Re2+ Kf5 43. Rf2+ Ke5 44. Rh2 Kd5 45. Rh5+
Kd6 46. Rh2 Kc5 47. Rh5+ Kb6 48. Rf5 a5 49. Rf2 Rc7 50. Rb2+ Ka6 51. Ra2 Rc6
52. Rf2 Kb5 53. Rf5+ Kb6 54. Rf1 Rc7 55. Rb1+ Kc5 56. Rf1 Ra7 57. Rf5+ Kd6 58.
Kxc4 a4 59. Rf2 a3 60. Ra2 Ke6 61. Kb3 Kxf6 62. Kc2 Ke5 63. Kb1 Rb7+ 64. Kc1
Ra7 65. Kd1 Kd4 66. Kd2 f5 67. Kc1 Kc3 68. Kb1 Kb3 69. Rf2 a2+ 70. Ka1 Ra5 71.
Rxf5 1/2-1/2

[Event "1st CRO junior liga"]
[Site "Sveti Filip i Jakov"]
[Date "2018.04.04"]
[Round "4.5"]
[White "Jambresic, Filip"]
[Black "Ghersinich, Enrico"]
[Result "0-1"]
[WhiteElo "2030"]
[BlackElo "2216"]
[PlyCount "118"]
[EventDate "2018.??.??"]
[WhiteClock "1:30:00"]
[BlackClock "1:30:00"]

1. Nf3 g6 2. c4 Bg7 3. Nc3 c5 4. g3 Nc6 5. d3 e5 6. Bg2 Nge7 7. O-O O-O 8. Be3
d6 9. Qc1 Nd4 10. h3 Rb8 11. Bh6 Nxf3+ 12. exf3 Bxh6 13. Qxh6 Nf5 14. Qd2 Nd4
15. Ne2 Bxh3 16. Nxd4 Bxg2 17. Nc6 bxc6 18. Kxg2 f5 19. f4 exf4 20. gxf4 Qf6
21. b3 Rfe8 22. Rfe1 Qd4 23. f3 Kf7 24. Kg3 Rb7 25. Rxe8 Qxa1 26. Qe3 Qf6 27.
Rc8 Re7 28. Qd2 Qa1 29. Qf2 h5 30. Qg2 Re1 31. Kh2 Qd1 32. Rc7+ Re7 33. Rxe7+
Kxe7 34. Qxg6 Qxd3 35. Qg5+ Kd7 36. Qxh5 Kc7 37. Kg3 d5 38. Qf7+ Kb6 39. cxd5
cxd5 40. Qe6+ Ka5 41. Qe7 Kb4 42. Qxa7 c4 43. Qe7+ Kc3 44. bxc4 dxc4 45. a4 Kd2
46. a5 c3 47. Qb4 Kd1 48. Qb3+ Ke2 49. Qe6+ Kd2 50. a6 c2 51. Qa2 Ke2 52. Qe6+
Kd2 53. Qa2 Ke2 54. Qe6+ Qe3 55. Qc4+ Kd1 56. Qa4 Kd2 57. Qa2 Kd1 58. Qd5+ Ke1
59. Qa5+ Kf1 0-1

[Event "1st CRO junior liga"]
[Site "Sveti Filip i Jakov"]
[Date "2018.04.04"]
[Round "4.6"]
[White "Purini, Bruno"]
[Black "Golub, Nikolina"]
[Result "0-1"]
[WhiteElo "1409"]
[BlackElo "1870"]
[PlyCount "70"]
[EventDate "2018.??.??"]
[WhiteClock "1:30:00"]
[BlackClock "1:30:00"]

1. e4 c5 2. Nf3 e6 3. d4 cxd4 4. Nxd4 Nf6 5. Nc3 Nc6 6. Nxc6 bxc6 7. Bf4 d5 8.
exd5 exd5 9. Bd3 Be7 10. O-O O-O 11. Re1 Bg4 12. Be2 Be6 13. Bf3 Qb6 14. Rb1 d4
15. Na4 Qa6 16. b3 Rad8 17. Qd3 Qc8 18. Nb2 Bb4 19. Bd2 Bf5 20. Be4 Bxe4 21.
Rxe4 Bxd2 22. Rxd4 Ba5 23. Nc4 Bb6 24. Nxb6 axb6 25. Rd1 Rxd4 26. Qxd4 c5 27.
Qd6 Qa6 28. a4 Qe2 29. Qd3 Qxd3 30. Rxd3 Rb8 31. f3 Kf8 32. Kf2 Ke7 33. c3 Ke6
34. b4 cxb4 35. cxb4 Ra8 0-1

[Event "1st CRO junior liga"]
[Site "Sveti Filip i Jakov"]
[Date "2018.04.04"]
[Round "4.7"]
[White "Rickovic, Tomislav"]
[Black "Fiskus, Eva"]
[Result "1-0"]
[WhiteElo "1622"]
[BlackElo "1294"]
[PlyCount "99"]
[EventDate "2018.??.??"]
[WhiteClock "1:30:00"]
[BlackClock "1:30:00"]

1. d4 d5 2. c4 e6 3. Nc3 Nf6 4. Bg5 Be7 5. Nf3 O-O 6. e3 h6 7. Bh4 b6 8. cxd5
Nxd5 9. Bxe7 Qxe7 10. Bd3 Bb7 11. O-O Nxc3 12. bxc3 c5 13. Rc1 cxd4 14. cxd4
Bd5 15. Bc4 Bxc4 16. Rxc4 Nd7 17. Qb3 Nf6 18. Rfc1 Qb7 19. Qc2 Qe4 20. Qxe4
Nxe4 21. Kf1 Nd6 22. Rc6 Rfc8 23. a4 Kf8 24. Ke2 f6 25. Kd3 Ke7 26. Rc7+ Kd8
27. Rxc8+ Rxc8 28. Rxc8+ Kxc8 29. e4 b5 30. axb5 Nxb5 31. Kc4 a6 32. Nd2 Kc7
33. Nb3 Kb6 34. f3 g5 35. Nc5 Nd6+ 36. Kb4 a5+ 37. Ka4 e5 38. dxe5 Kxc5 39.
exd6 Kxd6 40. Kxa5 Ke5 41. Kb5 f5 42. exf5 Kxf5 43. g3 h5 44. Kc4 h4 45. Kd5 g4
46. f4 hxg3 47. hxg3 Kf6 48. Ke4 Kg6 49. f5+ Kg5 50. Kd5 1-0